000 00219 a2200097 4500
001 13018
100 _aBazeel Haq Mehmood
245 _aSagakh Iwavira (664 B action)
260 _a
_bSange-e-Meel
_c
090 _c10024
_d10024
942 _aNUST-CAE
_cM
_c31
999 _c248091
_d248091